| 000 | 01113nam0a22002531 4500 | ||
|---|---|---|---|
| 001 | rc\978231 | ||
| 005 | 20041129101101.1 | ||
| 035 | _a(NLR Aleph) 006146471 | ||
| 090 |
_a5716750 _c5716750 |
||
| 100 | _a20041129d1982 u |0rusy50 ca | ||
| 101 | 0 | _arus | |
| 102 | _aRU | ||
| 105 | _aa ||||||||| | ||
| 200 | 1 |
_aУчебные телепередачи по физике для учащихся 9 классов на I учебное полугодие _e(Метод. разраб.) _fМ-во просвещения РСФСР, Ленингр. гос. пед. ин-т им. А.И. Герцена _g[Авт.-сост. Л.С. Точилкина] _gПод общ. ред. А.Д. Боборыкина и А.А. Степанова |
|
| 210 |
_aЛ. _cЛГПИ _d1982 |
||
| 215 |
_a49 с. _cил. _d20 |
||
| 702 | 1 |
_aТочилкина _bЛ. С. _4220 |
|
| 702 | 1 |
_aБоборыкина _bА. Д. _4340 |
|
| 712 | 0 | 2 |
_aЛенинградский пед. ин-т им. А.И.Герцена _3RU\NLR\AUTH\889929135 |
| 801 | 0 |
_aRU _bNLR _gpsbo |
|
| 801 | 1 |
_aRU _bELAR _2rusmarc |
|
| 852 |
_aNLR _j82-4/16816 |
||
| 942 | _cBOOK | ||
| 980 | _aNB | ||